Come non detto : il manuale del perfetto coming out /
Guardat en:
| Autor principal: | |
|---|---|
| Format: | Llibre |
| Idioma: | italià |
| Publicat: |
Venezia :
Sonzogno,
2012
|
| Etiquetes: |
Sense etiquetes, Sigues el primer a etiquetar aquest registre!
|
MARC
| LEADER | 00000nam a22000007i 4500 | ||
|---|---|---|---|
| 001 | IT\ICCU\VEA\1081704 | ||
| 003 | ItRI | ||
| 005 | 20260115232106.0 | ||
| 008 | 121015s2012 it |||||| ||||| |||||c | ||
| 020 | |a 9788845425400 | ||
| 040 | |b ita |c importazione bologna sebina | ||
| 041 | 7 | |a ita |2 ISO-639-2 | |
| 082 | |a 306.766 |9 OMOSESSUALITA |2 21 | ||
| 100 | 1 | |a Proia, Roberto, |d (1969-) |0 IT\ICCU\MILV\099262 | |
| 245 | 1 | 0 | |a Come non detto : |b il manuale del perfetto coming out / |c Roberto Proia. |
| 260 | |a Venezia : |b Sonzogno, |c 2012 | ||
| 300 | |a 121 p. ; |c 21 cm | ||
| 942 | |2 ddc |c BK |n 0 | ||
| 952 | |0 0 |1 0 |4 0 |6 DOC_306_766000000000000_PRO |7 0 |9 19893 |a BO |b BO |d 2026-01-15 |i 16740 |l 0 |o DOC 306.766 PRO |p BO16740 |r 2026-01-15 23:21:06 |w 2026-01-15 |x [Sebina 5] [1 v.] |y BK |z 1 v. | ||
| 999 | |c 16960 |d 16960 | ||